[Event "Netanya op"]
[Site "Netanya"]
[Date "2019.06.26"]
[Round "4"]
[White "Levi, Netanel"]
[Black "Gerchikov, Pavel"]
[Result "1-0"]
[WhiteElo "2143"]
[BlackElo "1902"]
[PlyCount "109"]
[EventDate "2019.06.23"]
[EventType "swiss"]
[EventRounds "9"]
[EventCountry "ISR"]
[SourceTitle "CBM 191 Extra"]
[Source "ChessBase"]
[SourceDate "2019.09.30"]
[SourceVersion "1"]
[SourceVersionDate "2019.09.30"]
[SourceQuality "1"]

1. e4 d5 2. exd5 Qxd5 3. Nc3 Qd6 4. d4 Nf6 5. Nf3 a6 6. Bd3 Nc6 7. h3 g6 8. Ne4 Nxe4 9. Bxe4 Bg7 10. c3 f5 11. Bxc6+ Qxc6 12. 0-0 Be6 13. Re1 Bd5 14. Bf4 Bxf3 15. Qxf3 Qxf3 16. gxf3 c6 17. Bg5 Bf8 18. Re6 h6 19. Bd2 Kf7 20. Rae1 Rd8 21. c4 Rd7 22. Bb4 Rg8 23. Bc5 g5 24. Kg2 Rg6 25. R6e5 e6 26. Bxf8 Kxf8 27. Rxe6 Rxe6 28. Rxe6 Rxd4 29. b3 Rd2 30. Rxh6 Rxa2 31. Rf6+ Kg7 32. Rxf5 Kg6 33. Re5 Rb2 34. Re3 Kf5 35. Kg3 a5 36. Rd3 b6 37. Rd6 Rxb3 38. Rxc6 a4 39. Rc8 a3 40. Ra8 Rc3 41. Ra6 Rb3 42. Ra4 Rc3 43. Rb4 Ke5 44. Rxb6 Rxc4 45. Ra6 Rc3 46. Kg4 Rb3 47. Ra5+ Kf6 48. f4 gxf4 49. f3 Ke6 50. Kxf4 Kd6 51. h4 Kc6 52. h5 Kb6 53. Ra8 Kb5 54. h6 Rb4+ 55. Kg3 1-0

[Event "EU-ch Seniors 13th"]
[Site "Plovdiv"]
[Date "2013.03.18"]
[Round "8"]
[White "Gerchikov, Pavel"]
[Black "Grabow, Pouelsten Holm"]
[Result "0-1"]
[WhiteElo "2035"]
[BlackElo "2145"]
[PlyCount "62"]
[EventDate "2013.03.11"]
[EventType "swiss"]
[EventRounds "9"]
[EventCountry "BUL"]
[SourceTitle "CBM 153 Extra"]
[Source "ChessBase"]
[SourceDate "2013.04.22"]
[SourceVersion "1"]
[SourceVersionDate "2013.04.22"]
[SourceQuality "1"]

1. Nc3 d5 2. e4 d4 3. Nce2 e5 4. Ng3 Be6 5. Nf3 f6 6. Bb5+ Nc6 7. d3 Bb4+ 8. Bd2 Bxd2+ 9. Nxd2 Nge7 10. 0-0 0-0 11. Bxc6 Nxc6 12. a3 Qd7 13. h3 Ne7 14. f4 exf4 15. Rxf4 Rae8 16. Qf1 c5 17. b3 b6 18. Rf2 Qc7 19. Nh5 Bf7 20. Nf4 Nc6 21. g3 b5 22. Ne2 Re7 23. Rf5 Ne5 24. Nf3 Be6 25. Nf4 Bxf5 26. Nd5 Bxh3 27. Qxh3 Nxf3+ 28. Kg2 Ng5 29. Nxc7 Nxh3 30. Nd5 Re5 31. Kxh3 f5 0-1

[Event "EU-ch Seniors 13th"]
[Site "Plovdiv"]
[Date "2013.03.17"]
[Round "7"]
[White "Giulian, Philip Maurice"]
[Black "Gerchikov, Pavel"]
[Result "1/2-1/2"]
[WhiteElo "2251"]
[BlackElo "2035"]
[PlyCount "49"]
[EventDate "2013.03.11"]
[EventType "swiss"]
[EventRounds "9"]
[EventCountry "BUL"]
[SourceTitle "CBM 153 Extra"]
[Source "ChessBase"]
[SourceDate "2013.04.22"]
[SourceVersion "1"]
[SourceVersionDate "2013.04.22"]
[SourceQuality "1"]

1. d4 d5 2. c4 e6 3. Nc3 Nf6 4. cxd5 exd5 5. Bg5 Be7 6. e3 c6 7. Bd3 Ne4 8. Bxe7 Nxc3 9. bxc3 Qxe7 10. Qc2 b6 11. Nf3 Ba6 12. Bxa6 Nxa6 13. 0-0 0-0 14. c4 Nb4 15. Qe2 dxc4 16. Qxc4 b5 17. Qc3 Rfc8 18. Rfc1 Nd5 19. Qc5 f6 20. Nd2 Qxc5 21. Rxc5 Ne7 22. Kf1 Rd8 23. Nb3 Rab8 24. Na5 Rb6 25. a3 1/2-1/2